书目信息 |
| 题名: |
邓小平理论和"三个代表"重要思想概论学习辅导
|
|
| 作者: | 杨蔚 主编 | |
| 分册: | ||
| 出版信息: | 北京 北方交通大学出版社 2004.08 |
|
| 页数: | 174页 | |
| 开本: | 26cm | |
| 丛书名: | ||
| 单 册: | ||
| 中图分类: | A849 , D26 | |
| 科图分类: | ||
| 主题词: | 邓小平理论--研究生--入学考试--升学参考资料 , 三个代表--研究生--入学考试--升学参考资料 | |
| 电子资源: | ||
| ISBN: | 7-81082-346-9 | |
| 000 | 01010nam0 2200241 450 | |
| 001 | 0129711671 | |
| 005 | 20050629082612.97 | |
| 010 | @a7-81082-346-9@dCNY15.50 | |
| 100 | @a20050322d2004 km y0chiy0120 ea | |
| 101 | 0 | @achi |
| 102 | @aCN@b110000 | |
| 105 | @ay z 000yy | |
| 200 | 1 | @a邓小平理论和"三个代表"重要思想概论学习辅导@Adeng xiao ping li lun he"san ge dai biao"zhong yao si xiang gai lun xue xi fu dao@f主编杨蔚@Fzhu bian yang wei |
| 210 | @a北京@c北方交通大学出版社@d2004.08 | |
| 215 | @a174页@d26cm | |
| 330 | @a本书共12章,介绍了邓小平理论和“三个代表”重要思想的主要内容。每章包括“学习目的与要求”、“内容提要”、“重点难点”、“知识点结构图”、“参考书目”、“本章复习题”、“答案要点”7个部分。书后附有近几年研究生入学试题和模拟题。 | |
| 606 | 0 | @a邓小平理论@x研究生@x入学考试@j升学参考资料 |
| 606 | 0 | @a三个代表@x研究生@x入学考试@j升学参考资料 |
| 690 | @aA849@v4 | |
| 690 | @aD26@v4 | |
| 701 | 0 | @a杨蔚@Ayang wei@4主编 |
| 801 | 0 | @aCN@bRULIN@c20050629 |
| 905 | @a10447@dA849@eY293 | |
| 邓小平理论和"三个代表"重要思想概论学习辅导/主编杨蔚.-北京:北方交通大学出版社,2004.08 |
| 174页;26cm |
| ISBN 7-81082-346-9:CNY15.50 |
| 本书共12章,介绍了邓小平理论和“三个代表”重要思想的主要内容。每章包括“学习目的与要求”、“内容提要”、“重点难点”、“知识点结构图”、“参考书目”、“本章复习题”、“答案要点”7个部分。书后附有近几年研究生入学试题和模拟题。 |
| ● |
| 相关链接 |
|
|
|
正题名:邓小平理论和"三个代表"重要思想概论学习辅
索取号:A849/Y293
 
预约/预借
| 序号 | 登录号 | 条形码 | 馆藏地/架位号 | 状态 | 备注 |
| 1 | 522377 | 205223774 | 社科库509/509社科库 5排4列3层/ [索取号:A849/Y293] | 在馆 | |
| 2 | 522378 | 205223783 | 社科库509/509社科库 5排4列3层/ [索取号:A849/Y293] | 在馆 | |
| 3 | 522379 | 205223792 | 社科库509/509社科库 5排4列3层/ [索取号:A849/Y293] | 在馆 |